Diódalézeres fotoakusztikus berendezés légköri vízgőzmérésekhez

Elmentve itt :
Bibliográfiai részletek
Szerző: Szakáll Miklós
További közreműködők: Szabó Gábor (Témavezető)
Bozóki Zoltán (Témavezető)
Dokumentumtípus: Disszertáció
Megjelent: 2005
Tárgyszavak:
mtmt:30724974
Online Access:http://doktori.ek.szte.hu/384
LEADER 01152nta a2200253 i 4500
001 dokt384
005 20201111171931.0
008 100511s2005 hu om 0|| hun d
024 7 |a 30724974  |2 mtmt 
040 |a SZTE Doktori Repozitórium  |b hun 
041 |a hun 
100 1 |a Szakáll Miklós 
245 1 0 |a Diódalézeres fotoakusztikus berendezés légköri vízgőzmérésekhez  |h [elektronikus dokumentum] /  |c  Szakáll Miklós 
246 1 0 |a Diode laser based photoacoustic system for atmospheric water vapor measurements  |h [elektronikus dokumentum] 
260 |c 2005 
502 |a Disszertacio 
650 4 |a fizikai tudományok 
650 4 |a Fizikai tudományok 
700 0 1 |a Szabó Gábor  |e ths 
700 0 1 |a Bozóki Zoltán  |e ths 
856 4 0 |u https://doktori.bibl.u-szeged.hu/id/eprint/384/9/2005_szakall_miklos.pdf  |z Dokumentum-elérés  
856 4 0 |u https://doktori.bibl.u-szeged.hu/id/eprint/384/1/tz_eredeti3057.pdf  |z Dokumentum-elérés  
856 4 0 |u https://doktori.bibl.u-szeged.hu/id/eprint/384/2/tz_en3057.pdf  |z Dokumentum-elérés  
856 4 0 |u https://doktori.bibl.u-szeged.hu/id/eprint/384/10/2005_szakall_miklos_biralat.pdf  |z Dokumentum-elérés